000 00233nam a2200097Ia 4500
008 240625s9999 xx 000 0 und d
041 _aeng
082 _a808.20 BHA
100 _aBHATIA KESHAV
245 _aONLINE EMAIL MARKETING RESEARCH
999 _c37370
_d37370